Lal's remedies of government servants in service matters under the Administrative Tribunals Act, 1985 : (Record no. 136536)
[ view plain ]
| 000 -LEADER | |
|---|---|
| fixed length control field | 00882nam a2200229 4500 |
| 003 - CONTROL NUMBER IDENTIFIER | |
| control field | dpl |
| 005 - DATE AND TIME OF LATEST TRANSACTION | |
| control field | 20170124110304.0 |
| 008 - FIXED-LENGTH DATA ELEMENTS--GENERAL INFORMATION | |
| fixed length control field | 161125b xxu||||| |||| 00| 0 eng d |
| 010 ## - LIBRARY OF CONGRESS CONTROL NUMBER | |
| LC control number | A-297049 |
| 035 ## - SYSTEM CONTROL NUMBER | |
| System control number | A-297049 |
| 040 ## - CATALOGING SOURCE | |
| Language of cataloging | EN |
| Transcribing agency | DPL |
| 082 ## - DEWEY DECIMAL CLASSIFICATION NUMBER | |
| Classification number | 351.5 |
| Item number | LAL |
| 245 ## - TITLE STATEMENT | |
| Title | Lal's remedies of government servants in service matters under the Administrative Tribunals Act, 1985 : |
| Remainder of title | as amended by (Act no. 19 of 1986) : along with new procedure rules, 1987 and model forms / |
| Statement of responsibility, etc | by K B Asthana |
| 250 ## - EDITION STATEMENT | |
| Edition statement | 2nd ed |
| 260 ## - PUBLICATION, DISTRIBUTION, ETC. (IMPRINT) | |
| Place of publication, distribution, etc | Allahabad |
| Name of publisher, distributor, etc | Law Publishers |
| Date of publication, distribution, etc | 1987 |
| 270 ## - ADDRESS | |
| Address | Sardar Patel, Marg Post Box no. 1077 |
| City | Allahabad |
| Postal code | 211001 |
| 300 ## - PHYSICAL DESCRIPTION | |
| Extent | v 1. 816+li |
| Other physical details | 27cm(Hb) |
| 650 ## - SUBJECT ADDED ENTRY--TOPICAL TERM | |
| Topical term or geographic name as entry element | Administrative courts -- India. |
| 650 ## - SUBJECT ADDED ENTRY--TOPICAL TERM | |
| Topical term or geographic name as entry element | Administrative law -- India. |
| 650 ## - SUBJECT ADDED ENTRY--TOPICAL TERM | |
| Topical term or geographic name as entry element | Judicial review of administrative acts -- India. |
| 942 ## - ADDED ENTRY ELEMENTS (KOHA) | |
| Source of classification or shelving scheme | Dewey Decimal Classification |
| Koha item type | English Books |
| Classification part | 351.5 |
| Call number suffix | LAL |
| Withdrawn status | Lost status | Source of classification or shelving scheme | Materials specified (bound volume or other part) | Damaged status | Not for loan | Collection code | Home library | Current library | Date acquired | Source of acquisition | Cost, normal purchase price | Total Checkouts | Full call number | Barcode | Date last seen | Price effective from | Koha item type |
|---|---|---|---|---|---|---|---|---|---|---|---|---|---|---|---|---|---|
| Dewey Decimal Classification | v 2 | Not For Loan | Reference | Central Library | Central Library | 04/03/2016 | Cen Lib/Ret | 200.00 | 351.5 LAL | A-297049 | 04/03/2016 | 04/03/2016 | English Books |
